MARC

LEADER 00000nam0a2200000 4500
001 353436
005 20231102010607.0
035 |a (RuTPU)RU\TPU\retro\10693 
090 |a 353436 
100 |a 20200427d m y0rusy50 ca 
101 0 |a rus 
102 |a RU 
105 |a a z 000zy 
200 1 |a Распределение примесей при кристаллизации  |e [оттиск статьи]  |f Д. Д. Саратовкин 
210 |a [Б. м.]  |d [Б. г.] 
215 |a С. 143-147  |c ил. 
316 |5 63413507: ШкА2/33  |a На обложке дарственная надпись: "В библиотеку Томского Политехнического института им. С. М. Кирова. 25.XI.48 Д. Саратовкин" 
606 1 |a Кристаллизация из расплавов  |2 stltpush  |3 (RuTPU)RU\TPU\subj\31610  |9 54421 
610 1 |a чистые вещества 
610 1 |a коэффициент диффузии 
610 1 |a кристаллы 
610 1 |a расплавы 
610 1 |a структуры 
610 1 |a опыты 
610 1 |a травление 
610 1 |a железо-углерод 
610 1 |a коллекция ТПУ 
610 1 |a дарственная надпись 
610 1 |a дары автора 
610 1 |a дары библиотеке 
675 |a 66.065.5  |v 3 
700 1 |a Саратовкин  |b Д. Д. 
801 1 |a RU  |b 63413507  |c 20200427 
942 |c BK